Kim Cattrall Movies Quiz Stats

 Plays Quiz not verified by Sporcle

Challenge
Share
Tweet
Embed
Score 0/36 Timer 07:00
0 Plays Today
Year Movie % Correct
2008Sex and the City
97.6%
2010Sex and the City 2
92.7%
1987Mannequin
65.9%
1982Porky's
61%
1984Police Academy
48.8%
2005Ice Princess
31.7%
1986Big Trouble in Little China
29.3%
1988Masquerade
26.8%
2010The Ghost Writer
26.8%
1991Star Trek VI: The Undiscovered Country
24.4%
2002Crossroads
22%
1990The Bonfire of the Vanities
17.1%
1995Live Nude Girls
17.1%
1985Turk 182!
12.2%
2010Meet Monica Velour
12.2%
200115 Minutes
9.8%
1975Rosebud
7.3%
1981Ticket to Heaven
7.3%
Year Movie % Correct
1992Split Second
7.3%
1995Above Suspicion
7.3%
1999Baby Geniuses
7.3%
2006The Tiger's Tail
7.3%
1977Deadly Harvest
4.9%
1980Tribute
4.9%
1984City Limits
4.9%
1985Hold-Up
4.9%
1988Smokescreen
4.9%
1988Midnight Crossing
4.9%
1989The Return of the Musketeers
4.9%
1989La Famiglia Buonanotte
4.9%
1990Honeymoon Academy
4.9%
1994Breaking Point
4.9%
1996Unforgettable
4.9%
1996Where Truth Lies
4.9%
1997Exception to the Rule
4.9%
2004Shortcut to Happiness
4.9%

You're not logged in!

Compare scores with friends on all Sporcle quizzes.
OR
Log In

You Might Also Like...

Show Comments

Extras

Top Quizzes Today


Score Distribution

Your Account Isn't Verified!

In order to create a playlist on Sporcle, you need to verify the email address you used during registration. Go to your Sporcle Settings to finish the process.

Report this User

Report this user for behavior that violates our Community Guidelines.

Details: